• 首页
  • 本馆介绍
  • 公告通知
  • 最新文献
  • 馆藏检索
  • 电子资源
  • 读者导购
  • 参考咨询
  • 我的图书馆
  • 登录
  • 详细信息显示
  • 放入我的书架
  • 预约/预借图书
  • 作者相关作品
  • 分类相关作品
  • 丛书相关作品
  • 出版社相关作品

书目信息

  • 表格格式
  • 工作单格式
  • 卡片格式
题名:
中国家装新视觉
    
 
作者: 李江军 编著
分册: 1   经典客厅
出版信息: 北京   中国轻工业出版社  2005
页数: 48页
开本: 29cm
丛书名:
单 册:
中图分类: TU241.6
科图分类:
主题词: 住宅--室内装饰--建筑设计--中国--图集
电子资源:
ISBN: 7-5019-4726-0
000 01174nam0 2200313 450
000 01137nam0 2200301 450
000 01135nam0 2200313 450
000 01081nam0 2200289 450
000 01077nam0 2200277 450
000 01040nam0 2200265 45
001 TS2006030281
005 20061217091048.75
010    @a7-5019-4726-0@dCNY20.00
100    @a20060829d2005 em y0chiy0110 ea
101 0  @achi
102    @aCN@b110000
105    @aa z 000yy
200 1  @a中国家装新视觉@AZhong Guo Jia Zhuang Xin Shi Jue@e现代家居设计效果图@EXian Dai Jia Ju She Ji Xiao Guo Tu@h1@i经典客厅@IJing Dian Ke Ting@f李江军编著@FLi Jiang Jun Bian Zhu
210    @a北京@c中国轻工业出版社@d2005
215    @a48页@d29cm
330    @a本书介绍了多套不同居室的家装样板,各种经典客厅的室内设计案例。
517 1  @a现代家居设计效果图@AXian Dai Jia Ju She Ji Xiao Guo Tu
606 0  @a住宅@x室内装饰@x建筑设计@y中国@x图集
690    @aTU241.6@v3
701  0 @a李江军@ALi Jiang Jun@4编著
801  0 @aCN@b中图数据@c20061217
905    @a10447@dTU241.6@e336:1
    
    中国家装新视觉:现代家居设计效果图.1.经典客厅/李江军编著.-北京:中国轻工业出版社,2005
    48页;29cm
    
    
    ISBN 7-5019-4726-0:CNY20.00
    本书介绍了多套不同居室的家装样板,各种经典客厅的室内设计案例。
●
相关链接 在E读中查询图书 在五车中查询图书 在当当中查询图书 在豆瓣中查询图书


正题名:中国家装新视觉     索取号:TU241.6/336:1         预约/预借

序号 登录号 条形码 馆藏地/架位号 状态 备注
1 0619750   206197505   第二样本阅览室/ [索取号:TU241.6/336:1] 在馆    
2 0619751   206197514   第三借阅区/ [索取号:TU241.6/336:1] 在馆    
3 0619752   206197523   第三借阅区/ [索取号:TU241.6/336:1] 在馆    
唐山师范学院图书馆 欢迎您!
大连网信软件有限公司© 版权所有